Normal view
MARC view
- Journalism
Entry Topical Term
001 - CONTROL NUMBER
- control field: 37794
003 - CONTROL NUMBER IDENTIFIER
- control field: OSt
005 - DATE AND TIME OF LATEST TRANSACTION
- control field: 20150430142257.0
008 - FIXED-LENGTH DATA ELEMENTS
- fixed length control field: 150430|| aca||babn | a|a d
040 ## - CATALOGING SOURCE
- Original cataloging agency: OSt
150 ## - HEADING--TOPICAL TERM
- Topical term or geographic name as entry element: Journalism
- General subdivision: History
- Chronological subdivision: 21st century